[Event "CHN League Men 2019"]
[Site "Daqing CHN"]
[Date "2019.06.27"]
[Round "9.7"]
[Board "4"]
[White "Liu, Yinuo"]
[Black "Hou, Yifan b"]
[Result "0-1"]
[WhiteElo "1448"]
[BlackElo "1932"]
[WhiteTeam "Qingdao"]
[BlackTeam "Heilongjiang"]
[WhiteFideId "8620296"]
[BlackFideId "8619492"]
[EventDate "2019.06.19"]
[EventType "team"]

1. e4 c5 2. f4 Nc6 3. Nf3 d6 4. Bb5 Bd7 5. O-O g6 6. d3 Bg7 7. c4 Nd4 8. Bxd7+
Qxd7 9. Nxd4 Bxd4+ 10. Kh1 e6 11. Nd2 Ne7 12. Nf3 Bg7 13. Qc2 Nc6 14. Bd2 O-O
15. Bc3 f5 16. exf5 Rxf5 17. g3 Raf8 18. Bxg7 Qxg7 19. Qe2 R5f6 20. a3 h6 21. b4
g5 22. b5 Ne7 23. Rae1 Qf7 24. Nd2 Qg7 25. Ne4 Rg6 26. Nxd6 gxf4 27. gxf4 b6 28.
Qe5 Qxe5 29. Rxe5 Rd8 30. f5 Nxf5 31. Nxf5 exf5 32. Rf3 Rg5 33. h4 Rg4 34. Rexf5
Rxh4+ 35. Kg2 Rhd4 36. Rg3+ Kh8 37. Rf6 R4d6 38. Rff3 Rg8 39. Kf2 Rxg3 40. Rxg3
Kh7 41. Ke3 h5 42. Rf3 Kg6 43. Rg3+ Kh6 44. Rf3 Rd7 45. a4 h4 46. Rf5 Kg6 47.
Rf8 Kg5 48. Rg8+ Kh5 49. Kf4 Rxd3 50. Rh8+ Kg6 51. Ke5 h3 52. Rh4 Kg5 53. Rh8
Kg4 54. Rh7 Kg3 55. Rxa7 h2 56. Rh7 Rd4 57. a5 bxa5 58. b6 Rh4 59. Rg7+ Kf3 60.
Rf7+ Ke2 61. Kd5 h1=Q+ 62. Kxc5 Rh5+ 0-1

[Event "CHN League Men 2019"]
[Site "Daqing CHN"]
[Date "2019.06.27"]
[Round "9.8"]
[Board "1"]
[White "Xu, Yinglun"]
[Black "Wu, Wenda"]
[Result "1-0"]
[WhiteTitle "GM"]
[WhiteElo "2548"]
[BlackElo "1735"]
[WhiteTeam "Guangdong"]
[BlackTeam "Ningbo"]
[WhiteFideId "8604940"]
[BlackFideId "8618615"]
[EventDate "2019.06.19"]
[EventType "team"]

1. c4 Nf6 2. Nc3 c5 3. Nf3 Nc6 4. g3 g6 5. Bg2 Bg7 6. d4 cxd4 7. Nxd4 O-O 8. O-O
Ng4 9. e3 Nge5 10. b3 d6 11. Bb2 Nxd4 12. exd4 Nc6 13. d5 Ne5 14. Qe2 Re8 15.
Rad1 a6 16. Ne4 Rb8 17. f4 Bg4 18. Qf2 Nxc4 19. Bxg7 Kxg7 20. bxc4 Bxd1 21. Rxd1
b5 22. c5 dxc5 23. d6 e5 24. f5 f6 25. d7 Re7 26. fxg6 Re6 27. Nxc5 Reb6 28.
gxh7 Qe7 29. Nb7 1-0

[Event "CHN League Men 2019"]
[Site "Daqing CHN"]
[Date "2019.06.27"]
[Round "9.8"]
[Board "2"]
[White "Wan, Minghan"]
[Black "Li, Shilong"]
[Result "0-1"]
[BlackTitle "GM"]
[WhiteElo "1592"]
[BlackElo "2482"]
[WhiteTeam "Ningbo"]
[BlackTeam "Guangdong"]
[WhiteFideId "8618577"]
[BlackFideId "8600678"]
[EventDate "2019.06.19"]
[EventType "team"]

1. Nf3 Nf6 2. d4 g6 3. g3 Bg7 4. Bg2 O-O 5. O-O d5 6. Nbd2 c5 7. c3 cxd4 8. cxd4
Nc6 9. b3 Bf5 10. Bb2 Rc8 11. a3 Qb6 12. Ra2 Ne4 13. Ba1 Qa6 14. g4 Nb4 15. axb4
Qxa2 16. gxf5 gxf5 17. e3 Qc2 18. Qe2 Rc6 19. Re1 0-1

[Event "CHN League Men 2019"]
[Site "Daqing CHN"]
[Date "2019.06.27"]
[Round "9.9"]
[Board "1"]
[White "Song, Yuchen"]
[Black "Wang, Chen"]
[Result "0-1"]
[BlackTitle "IM"]
[WhiteElo "1512"]
[BlackElo "2468"]
[WhiteTeam "Harbin"]
[BlackTeam "Chongqing"]
[WhiteFideId "8630364"]
[BlackFideId "8601020"]
[EventDate "2019.06.19"]
[EventType "team"]

1. e4 Nf6 2. Nc3 d5 3. exd5 Nxd5 4. Nxd5 Qxd5 5. Qf3 Qd6 6. Bc4 e6 7. Ne2 Nd7 8.
d4 Qb4+ 9. Qc3 b6 10. Qxb4 Bxb4+ 11. c3 Bd6 12. O-O Bb7 13. Bf4 O-O 14. Bxd6
cxd6 15. Ng3 Rac8 16. Bd3 Rc7 17. Ne4 Bxe4 18. Bxe4 Rb8 19. Rfc1 b5 20. a3 Kf8
21. f3 a5 22. Bd3 Ke7 23. Kf2 h6 24. g4 Nf6 25. b3 Nd5 26. c4 bxc4 27. bxc4 Rb2+
28. Kg3 Ne3 29. Rab1 Rxb1 30. Rxb1 Nxc4 31. Bxc4 Rxc4 32. Rb5 Ra4 33. Rb3 Rxd4
34. h4 Kf6 35. Kf2 Rc4 36. Ke3 a4 37. Rd3 d5 38. f4 g5 39. fxg5+ hxg5 40. hxg5+
Kxg5 41. Kf3 Rf4+ 42. Ke2 Kxg4 0-1

[Event "CHN League Men 2019"]
[Site "Daqing CHN"]
[Date "2019.06.27"]
[Round "9.9"]
[Board "2"]
[White "Wang, Shixu B"]
[Black "Chen, Junyu"]
[Result "1-0"]
[WhiteElo "2392"]
[BlackElo "1232"]
[WhiteTeam "Chongqing"]
[BlackTeam "Harbin"]
[WhiteFideId "8610665"]
[BlackFideId "8631042"]
[EventDate "2019.06.19"]
[EventType "team"]

1. d4 Nf6 2. c4 g6 3. Nc3 Bg7 4. e4 d6 5. Nge2 O-O 6. Ng3 e5 7. d5 Nbd7 8. Be2
Ne8 9. h4 h6 10. h5 Kh7 11. Be3 b6 12. hxg6+ fxg6 13. Qd2 Nef6 14. Bxh6 Rh8 15.
O-O-O Kg8 16. Qg5 Kf7 17. Bxg7 Rxh1 18. Rxh1 Kxg7 19. Nf5+ Kf7 20. Rh7+ Nxh7 21.
Qxd8 gxf5 22. Bh5+ Kg7 23. exf5 Ndf6 24. Bg6 a5 25. g4 Kh6 26. Bxh7 Nxh7 27. Ne4
a4 28. Qxc7 Ba6 29. Qf7 Rf8 30. Qg6# 1-0